<?xml version="1.0" encoding="UTF-8"?>
<record
    xmlns:xsi="http://www.w3.org/2001/XMLSchema-instance"
    xsi:schemaLocation="http://www.loc.gov/MARC21/slim http://www.loc.gov/standards/marcxml/schema/MARC21slim.xsd"
    xmlns="http://www.loc.gov/MARC21/slim">

  <leader>00743nam a22001337a 4500</leader>
  <datafield tag="040" ind1=" " ind2=" ">
    <subfield code="c">RUA</subfield>
  </datafield>
  <datafield tag="082" ind1=" " ind2=" ">
    <subfield code="a">LMA HOR 2017 B652 Or.1</subfield>
  </datafield>
  <datafield tag="100" ind1=" " ind2=" ">
    <subfield code="a">HORM SREYKHECH &#x17A0;&#x1798;&#x200B; &#x179F;&#x17D2;&#x179A;&#x17B8;&#x1781;&#x17B7;&#x1785;</subfield>
  </datafield>
  <datafield tag="245" ind1=" " ind2=" ">
    <subfield code="a">study on any tool of land for contribute to delvelopment urban in sambour commune, siem reab district, siem reab province &#x179F;&#x17B7;&#x1780;&#x17D2;&#x179F;&#x17B6;&#x179A;&#x1796;&#x17B8;&#x17A7;&#x1794;&#x1780;&#x179A;&#x178E;&#x17CF;&#x178A;&#x17B8;&#x1792;&#x17D2;&#x179B;&#x17B8;&#x1798;&#x17BD;&#x1799;&#x1785;&#x17C6;&#x1793;&#x17BD;&#x1793;&#x178A;&#x17BE;&#x1798;&#x17D2;&#x1794;&#x17B8;&#x1785;&#x17BC;&#x179B;&#x179A;&#x17BD;&#x1798;&#x1785;&#x17C6;&#x178E;&#x17C2;&#x1780;&#x1780;&#x17B6;&#x179A;&#x17A2;&#x1797;&#x17B7;&#x179C;&#x178C;&#x17D2;&#x178D;&#x1793;&#x17CF;&#x1787;&#x1793;&#x1794;&#x1791;&#x1780;&#x17D2;&#x1793;&#x17BB;&#x1784;&#x179F;&#x1784;&#x17D2;&#x1780;&#x17B6;&#x178F;&#x17CB;&#x179F;&#x17C6;&#x1794;&#x17BC;&#x179A; &#x1780;&#x17D2;&#x179A;&#x17BB;&#x1784;&#x179F;&#x17C0;&#x1798;&#x179A;&#x17B6;&#x1794;&#x1781;&#x17C1;&#x178F;&#x17D2;&#x178F;&#x179F;&#x17C0;&#x1798;&#x179A;&#x17B6;&#x1798;</subfield>
  </datafield>
  <datafield tag="260" ind1=" " ind2=" ">
    <subfield code="a">RUA</subfield>
    <subfield code="b">Phnom penh</subfield>
    <subfield code="c">2017</subfield>
  </datafield>
  <datafield tag="300" ind1=" " ind2=" ">
    <subfield code="a">v;49p</subfield>
    <subfield code="b">ill;</subfield>
    <subfield code="c">29cm</subfield>
  </datafield>
  <datafield tag="856" ind1=" " ind2=" ">
    <subfield code="u">HORM SREYKHECH</subfield>
  </datafield>
  <datafield tag="942" ind1=" " ind2=" ">
    <subfield code="c">LMA</subfield>
  </datafield>
  <datafield tag="999" ind1=" " ind2=" ">
    <subfield code="c">18482</subfield>
    <subfield code="d">18482</subfield>
  </datafield>
  <datafield tag="952" ind1=" " ind2=" ">
    <subfield code="0">0</subfield>
    <subfield code="1">0</subfield>
    <subfield code="2">ddc</subfield>
    <subfield code="4">0</subfield>
    <subfield code="6">LMA_HOR_2017_000000000000000_B652_OR_1</subfield>
    <subfield code="7">0</subfield>
    <subfield code="9">82568</subfield>
    <subfield code="a">LBB</subfield>
    <subfield code="b">LBB</subfield>
    <subfield code="c">B652</subfield>
    <subfield code="d">2019-12-09</subfield>
    <subfield code="l">2</subfield>
    <subfield code="o">LMA HOR 2017 B652 Or.1</subfield>
    <subfield code="p">A064264</subfield>
    <subfield code="r">2022-01-21</subfield>
    <subfield code="s">2021-11-23</subfield>
    <subfield code="w">2019-12-09</subfield>
    <subfield code="y">LMA</subfield>
  </datafield>
  <datafield tag="952" ind1=" " ind2=" ">
    <subfield code="0">0</subfield>
    <subfield code="1">0</subfield>
    <subfield code="2">ddc</subfield>
    <subfield code="4">0</subfield>
    <subfield code="6">LMA_HOR_2017_000000000000000_B652_OR_2</subfield>
    <subfield code="7">0</subfield>
    <subfield code="9">82569</subfield>
    <subfield code="a">LBB</subfield>
    <subfield code="b">LBB</subfield>
    <subfield code="c">B652</subfield>
    <subfield code="d">2019-12-09</subfield>
    <subfield code="o">LMA HOR 2017 B652 Or.2</subfield>
    <subfield code="p">A063628</subfield>
    <subfield code="r">2019-12-09</subfield>
    <subfield code="w">2019-12-09</subfield>
    <subfield code="y">LMA</subfield>
  </datafield>
  <datafield tag="952" ind1=" " ind2=" ">
    <subfield code="0">0</subfield>
    <subfield code="1">0</subfield>
    <subfield code="2">ddc</subfield>
    <subfield code="4">0</subfield>
    <subfield code="6">LMA_HOR_2017_000000000000000_B652_OR_3</subfield>
    <subfield code="7">0</subfield>
    <subfield code="9">82570</subfield>
    <subfield code="a">LBB</subfield>
    <subfield code="b">LBB</subfield>
    <subfield code="c">B652</subfield>
    <subfield code="d">2019-12-09</subfield>
    <subfield code="o">LMA HOR 2017 B652 Or.3</subfield>
    <subfield code="p">A063634</subfield>
    <subfield code="r">2019-12-09</subfield>
    <subfield code="w">2019-12-09</subfield>
    <subfield code="y">LMA</subfield>
  </datafield>
  <datafield tag="952" ind1=" " ind2=" ">
    <subfield code="0">0</subfield>
    <subfield code="1">0</subfield>
    <subfield code="2">ddc</subfield>
    <subfield code="4">0</subfield>
    <subfield code="6">LMA_HOR_2017_000000000000000_B652_OR_5</subfield>
    <subfield code="7">0</subfield>
    <subfield code="9">82571</subfield>
    <subfield code="a">LBB</subfield>
    <subfield code="b">LBB</subfield>
    <subfield code="c">B652</subfield>
    <subfield code="d">2019-12-09</subfield>
    <subfield code="l">2</subfield>
    <subfield code="o">LMA HOR 2017 B652 Or.5</subfield>
    <subfield code="p">A063190</subfield>
    <subfield code="r">2022-06-14</subfield>
    <subfield code="s">2022-05-31</subfield>
    <subfield code="w">2019-12-09</subfield>
    <subfield code="y">LMA</subfield>
  </datafield>
  <datafield tag="952" ind1=" " ind2=" ">
    <subfield code="0">0</subfield>
    <subfield code="1">0</subfield>
    <subfield code="2">ddc</subfield>
    <subfield code="4">0</subfield>
    <subfield code="6">LMA_HOR_2017_000000000000000_B652_OR_5</subfield>
    <subfield code="7">0</subfield>
    <subfield code="9">82572</subfield>
    <subfield code="a">LBB</subfield>
    <subfield code="b">LBB</subfield>
    <subfield code="c">B652</subfield>
    <subfield code="d">2019-12-09</subfield>
    <subfield code="o">LMA HOR 2017 B652 Or.5</subfield>
    <subfield code="p">A43503</subfield>
    <subfield code="r">2019-12-09</subfield>
    <subfield code="w">2019-12-09</subfield>
    <subfield code="y">LMA</subfield>
  </datafield>
  <datafield tag="952" ind1=" " ind2=" ">
    <subfield code="0">0</subfield>
    <subfield code="1">0</subfield>
    <subfield code="2">ddc</subfield>
    <subfield code="4">0</subfield>
    <subfield code="6">LMA_HOR_2017_000000000000000_B652_OR_6</subfield>
    <subfield code="7">0</subfield>
    <subfield code="9">82573</subfield>
    <subfield code="a">LBB</subfield>
    <subfield code="b">LBB</subfield>
    <subfield code="c">B652</subfield>
    <subfield code="d">2019-12-09</subfield>
    <subfield code="l">1</subfield>
    <subfield code="o">LMA HOR 2017 B652 Or.6</subfield>
    <subfield code="p">A43085</subfield>
    <subfield code="r">2021-02-15</subfield>
    <subfield code="s">2021-01-27</subfield>
    <subfield code="w">2019-12-09</subfield>
    <subfield code="y">LMA</subfield>
  </datafield>
</record>
